Numbers, predictions, and war : (Record no. 185410)

000 -LEADER
fixed length control field 01152 a2200217 4500
003 - CONTROL NUMBER IDENTIFIER
control field Nust
005 - DATE AND TIME OF LATEST TRANSACTION
control field 20170207153412.0
010 ## - LIBRARY OF CONGRESS CONTROL NUMBER
LC control number 77005243
020 ## - INTERNATIONAL STANDARD BOOK NUMBER
International Standard Book Number 354011596
040 ## - CATALOGING SOURCE
Transcribing agency Nust
082 00 - DEWEY DECIMAL CLASSIFICATION NUMBER
Classification number 355.02
100 1# - MAIN ENTRY--PERSONAL NAME
Personal name Dupuy, Trevor N.
245 10 - TITLE STATEMENT
Title Numbers, predictions, and war :
Remainder of title using history to evaluate combat factors and predict the outcome of battles /
Statement of responsibility, etc. by T. N. Dupuy.
260 ## - PUBLICATION, DISTRIBUTION, ETC.
Place of publication, distribution, etc. Indianapolis :
Name of publisher, distributor, etc. Bobbs-Merrill,
Date of publication, distribution, etc. c1979.
300 ## - PHYSICAL DESCRIPTION
Extent xvii, 244 p. :
Other physical details ill. ;
Dimensions 24 cm.
505 ## - FORMATTED CONTENTS NOTE
Formatted contents note Numbers and Military History (Page-3) The Effects of Weapons (Page-19) Identifying and Representing Combat Variables (page-32) Constructing a model (Page-40) Representing world War I Combat (Page-57) Representing Air Support in World War ii (Page-71) Behavioral Variables in World War ii (Page-95) Projecting Future Combat (Page-111) Reliably Representing the Arab-Israeli Wars (Page-118) The Model and Operations Research (Page-140) The Model and History (Page-151) The Model, Fun, and Games(apge-166)
538 ## - SYSTEM DETAILS NOTE
System details note Almirah No.52, Shelf No.6
650 #0 - SUBJECT ADDED ENTRY--TOPICAL TERM
Topical term or geographic name entry element Battles.
650 #0 - SUBJECT ADDED ENTRY--TOPICAL TERM
Topical term or geographic name entry element Military art and science
General subdivision Mathematical models.
650 #0 - SUBJECT ADDED ENTRY--TOPICAL TERM
Topical term or geographic name entry element War games.
942 ## - ADDED ENTRY ELEMENTS (KOHA)
Source of classification or shelving scheme
Koha item type Book
Holdings
Withdrawn status Lost status Source of classification or shelving scheme Damaged status Not for loan Collection code Permanent Location Current Location Date acquired Total Checkouts Full call number Barcode Date last seen Price effective from Koha item type
            Military College of Signals (MCS) Military College of Signals (MCS) 12/12/2016   355.02 DUP MCS21511 12/08/2016 12/12/2016 Book
© 2023 Central Library, National University of Sciences and Technology. All Rights Reserved.